<?xml version="1.0" encoding="UTF-8"?>
<record
    xmlns:xsi="http://www.w3.org/2001/XMLSchema-instance"
    xsi:schemaLocation="http://www.loc.gov/MARC21/slim http://www.loc.gov/standards/marcxml/schema/MARC21slim.xsd"
    xmlns="http://www.loc.gov/MARC21/slim">

  <leader>00737nam a2200181   4500</leader>
  <controlfield tag="003">LK-CoMWRAF</controlfield>
  <controlfield tag="005">20231217165836.0</controlfield>
  <controlfield tag="008">231217b        |||||||| |||| 00| 0 eng d</controlfield>
  <datafield tag="020" ind1=" " ind2=" ">
    <subfield code="a">9558210013</subfield>
  </datafield>
  <datafield tag="040" ind1=" " ind2=" ">
    <subfield code="a">LK-CoMWRAF</subfield>
    <subfield code="d">LK-CoMWRAF</subfield>
    <subfield code="e">LK-CoMWRAF</subfield>
  </datafield>
  <datafield tag="041" ind1=" " ind2=" ">
    <subfield code="a">sin</subfield>
  </datafield>
  <datafield tag="082" ind1=" " ind2=" ">
    <subfield code="a">320</subfield>
    <subfield code="b">AIY</subfield>
  </datafield>
  <datafield tag="100" ind1=" " ind2=" ">
    <subfield code="a">&#xD85;&#xDBA;&#xDD2;&#xDC0;&#xDB1;&#xDCA;, &#xDC0;&#xDD2;&#xD9A;&#xDCA;&#xDA7;&#xDBB;&#xDCA; </subfield>
  </datafield>
  <datafield tag="245" ind1=" " ind2=" ">
    <subfield code="a">&#xDB1;&#xDD2;&#xDAF;&#xDC4;&#xDC3; &#xDA2;&#xDCF;&#xDAD;&#xDD2;&#xD9A; &#xD92;&#xD9A;&#xDCF;&#xD9C;&#xDCA;&#x200D;&#xDBB;&#xDAD;&#xDCF;&#xDC0; &#xDC4;&#xDCF; &#xDAF;&#xDDA;&#xDC1;&#xDB4;&#xDCF;&#xDBD;&#xDB1;&#xDBA;&#xDDA; &#xDB4;&#xDC0;&#xDD4;&#xDBD;&#xDCA; &#xDB4;&#xDDC;&#xDBB;&#xDBA; </subfield>
  </datafield>
  <datafield tag="246" ind1=" " ind2=" ">
    <subfield code="a">nidahasa jatika ha desapalanaye pavul poraya</subfield>
  </datafield>
  <datafield tag="260" ind1=" " ind2=" ">
    <subfield code="a">&#xDBB;&#xDAD;&#xDCA;&#xDB8;&#xDBD;&#xDCF;&#xDB1; :</subfield>
    <subfield code="b">&#xDB1;&#xDB1;&#xDCA;&#xDAF;&#xDB1; &#xDB8;&#xDCF;&#xDBB;&#xDC3;&#xDD2;&#xD82;&#xDC4; &#xD85;&#xDB1;&#xDD4;&#xDC3;&#xDCA;&#xDB8;&#xDBB;&#xDAB; (&#xD9C;&#xDCA;&#x200D;&#xDBB;&#xDB1;&#xDCA;&#xDAE; &#xDB4;&#xDCA;&#x200D;&#xDBB;&#xD9A;&#xDCF;&#xDC1;&#xDB1;) &#xDB4;&#xDAF;&#xDB1;&#xDB8;,</subfield>
    <subfield code="c">1999</subfield>
  </datafield>
  <datafield tag="942" ind1=" " ind2=" ">
    <subfield code="c">BK</subfield>
  </datafield>
  <datafield tag="952" ind1=" " ind2=" ">
    <subfield code="0">0</subfield>
    <subfield code="1">0</subfield>
    <subfield code="4">0</subfield>
    <subfield code="7">0</subfield>
    <subfield code="a">MAIN</subfield>
    <subfield code="b">MAIN</subfield>
    <subfield code="d">2023-12-17</subfield>
    <subfield code="l">0</subfield>
    <subfield code="o">320 AIY</subfield>
    <subfield code="p">RAF3895</subfield>
    <subfield code="r">2023-12-17</subfield>
    <subfield code="w">2023-12-17</subfield>
    <subfield code="y">BK</subfield>
  </datafield>
  <datafield tag="999" ind1=" " ind2=" ">
    <subfield code="c">4496</subfield>
    <subfield code="d">4496</subfield>
  </datafield>
</record>
